Emerging European economies after the pandemic stuck in the middle income trap?

Bibliographic Details
Main Author: Mátyás László, 1957- (Author, Editor)
Format: Book
Language:English
PhysicalDescription:xix, 610 strán grafy, tabuľky 24 cm
Published: Cham Springer [2022]
ISBN:9783030939656
9783030939632
ISSN:1431-1933
Series:Contributions to Economics
Subjects:

MARC

LEADER 00000nam a2200000 4500
001 vtls012230733
003 SK-MaSNL
005 20260426014619.0
008 230529s2022 sz dl frn 001 0 eng
015 |a SNBZSA2024/01 
020 |a 9783030939656  |q (brožované) 
020 |a 9783030939632  |q (eBook) 
040 |a SNK  |b slo  |c SNK  |e rda 
041 0 |a eng 
043 |a ec-----  |a ee-----  |a e------ 
044 |a sz  |c CH 
072 7 |a 330.5+338  |x Národné hospodárstvo a hospodárska politika  |2 konspekt 
080 |a 330.101.8  |2 2011 
080 |a 338  |2 2011 
080 |a 616.9:578.834  |2 2011 
080 |a 616-036.21  |2 2011 
080 |a 330.35  |2 2011 
080 |a 338.124.4  |2 2011 
080 |a (4-6EU)  |2 2011 
080 |a (048.8:082)  |2 2011 
080 |a (4-191.2)  |2 2011 
080 |a (4‑11)  |2 2011 
245 0 0 |a Emerging European economies after the pandemic  |b stuck in the middle income trap?  |c László Mátyás editor 
264 1 |a Cham  |b Springer  |c [2022] 
264 4 |c ©2022 
300 |a xix, 610 strán  |b grafy, tabuľky  |c 24 cm 
336 |a text  |b txt  |2 rdacontent 
337 |a bez média  |b n  |2 rdamedia 
338 |a zväzok  |b nc  |2 rdacarrier 
490 1 |a Contributions to Economics  |x 1431-1933 
500 |a Poznámky. Zoznam prispievateľov a ich profesijné pôsobenie 
504 |a Bibliografia za jednotlivými kapitolami 
650 0 7 |a komparatívna ekonómia  |2 SNKPH  |9 110352 
650 0 7 |a hospodárske pomery  |2 SNKPH  |9 2287 
650 0 7 |a COVID-19  |2 SNKPH  |9 201532 
650 0 7 |a pandémie  |2 SNKPH  |9 59320 
650 0 7 |a ekonomický rast  |2 SNKPH  |9 2146 
650 0 7 |a hospodárska kríza  |2 SNKPH  |9 2278 
650 0 7 |a Comparative economics  |2 SNKPHeng  |9 356253 
650 0 7 |a Economic conditions  |2 SNKPHeng  |9 265817 
650 0 7 |a COVID-19 (Disease)  |2 SNKPHeng  |9 311511 
650 0 7 |a Pandemics  |2 SNKPHeng  |9 311510 
650 0 7 |a Economic crises  |2 SNKPHeng  |9 320186 
651 7 |a krajiny Európskej únie  |2 SNKPHgeo  |9 31482 
651 7 |a European Union countries  |2 SNKPHeng  |9 276031 
651 7 |a Európa stredná  |2 SNKPHgeo  |9 23970 
651 7 |a Europe, Central  |2 SNKPHeng  |9 98219 
651 7 |a Európa východná  |2 SNKPHgeo  |9 167635 
651 7 |a Europe, Eastern  |2 SNKPHeng  |9 229905 
655 7 |a kolektívne monografie  |2 SNKPH  |9 249850 
655 7 |a Collective monographs  |2 SNKPHeng  |9 125747 
700 1 |a Mátyás László,  |d 1957-  |4 edt  |4 aut  |9 623205 
830 0 |a Contributions to Economics  |9 350289 
852 |a Slovenská národná knižnica 
919 |a 978-3-030-93965-6 
919 |a 978-3-030-93963-2 
954 |a odborná, vedecká literatúra cudzojazyčná (svetová)  |2 lita 
954 |a odborná, vedecká literatúra pôvodná (slovenská)  |2 lita 
958 |a ZS 
958 |a NB 
999 |c 1163023  |d 1164953 
952 |a SNK  |b SNK  |y PREZ  |7 0  |p 17A1529564  |o snkSC 202410  |i snk2023/8566  |8 3  |g 207.89  |0 0  |1 0  |4 0  |d 2023-05-29  |l 0  |r 2025-10-24 00:00:00  |w 2026-02-24